[Event "Roncana op-C U14 7th"]
[Site "Santa Eulalia de Roncana"]
[Date "2013.11.23"]
[Round "7"]
[White "Perez Ruz, Pol"]
[Black "Martinez Suarez, Alex"]
[Result "0-1"]
[WhiteElo "1712"]
[BlackElo "1700"]
[PlyCount "46"]
[EventDate "2013.10.05"]
[EventType "swiss"]
[EventRounds "8"]
[EventCountry "ESP"]
[SourceTitle "EXT 2015"]
[Source "ChessBase"]
[SourceDate "2014.11.20"]
[SourceVersion "1"]
[SourceVersionDate "2014.11.20"]
[SourceQuality "1"]

1. e4 Nc6 2. Nf3 Nf6 3. Nc3 e5 4. Bc4 Bb4 5. a3 Bxc3 6. dxc3 Nxe4 7. Qd5 0-0 8. Qxe4 Qe8 9. Qg4 d5 10. Bh6 Bxg4 11. Bxd5 Bxf3 12. gxf3 gxh6 13. Rg1+ Kh8 14. Rd1 Rd8 15. c4 Na5 16. b3 c6 17. b4 cxd5 18. bxa5 dxc4 19. Rxd8 Qxd8 20. a4 Rg8 21. c3 Rxg1+ 22. Ke2 Qd1+ 23. Ke3 Qe1# 0-1

[Event "Roncana op-C 6th"]
[Site "Santa Eulalia de Roncana"]
[Date "2012.11.17"]
[Round "6.8"]
[White "Garcia Lopez, Ferran"]
[Black "Perez Ruz, Pol"]
[Result "1-0"]
[WhiteElo "1789"]
[BlackElo "1738"]
[PlyCount "59"]
[EventDate "2012.10.06"]
[EventType "swiss"]
[EventRounds "8"]
[EventCountry "ESP"]
[SourceTitle "EXT 2024"]
[Source "ChessBase"]
[SourceDate "2023.10.10"]
[SourceVersion "1"]
[SourceVersionDate "2023.10.10"]
[SourceQuality "1"]

1. e4 e6 2. d4 d5 3. exd5 exd5 4. Nf3 Nc6 5. Nc3 Nf6 6. Bb5 a6 7. Ba4 b5 8. Bb3 Bf5 9. Ne5 Nxe5 10. dxe5 b4 11. Bxd5 Nxd5 12. Qxd5 bxc3 13. bxc3 Bxc2 14. Qxd8+ Rxd8 15. Bg5 f6 16. exf6 gxf6 17. Bxf6 Rd6 18. Bxh8 Re6+ 19. Kd2 Be4 20. Rhe1 Rd6+ 21. Bd4 Be7 22. Rxe4 Rb6 23. Bxb6 cxb6 24. Rae1 Kd8 25. Rxe7 b5 26. Rxh7 a5 27. Ree7 b4 28. Ra7 bxc3+ 29. Kxc3 Kc8 30. Ra8# 1-0

[Event "Roncana op-C 6th"]
[Site "Santa Eulalia de Roncana"]
[Date "2012.11.10"]
[Round "5.14"]
[White "Krasic Moreno, Nikola"]
[Black "Perez Ruz, Pol"]
[Result "0-1"]
[WhiteElo "1700"]
[BlackElo "1738"]
[PlyCount "48"]
[EventDate "2012.10.06"]
[EventType "swiss"]
[EventRounds "8"]
[EventCountry "ESP"]
[SourceTitle "EXT 2024"]
[Source "ChessBase"]
[SourceDate "2023.10.10"]
[SourceVersion "1"]
[SourceVersionDate "2023.10.10"]
[SourceQuality "1"]

1. f3 e5 2. g3 Nc6 3. Bh3 Bc5 4. e3 Nf6 5. Ne2 d5 6. 0-0 Bxh3 7. Rf2 d4 8. exd4 exd4 9. c3 d3 10. Nf4 Bxf2+ 11. Kxf2 Bf5 12. g4 Bd7 13. Nh3 Qe7 14. Ng5 h6 15. Ne4 Nxe4+ 16. fxe4 Qxe4 17. Na3 Ne5 18. h3 Bc6 19. h4 Qg2+ 20. Ke3 Qe4+ 21. Kf2 Nxg4+ 22. Kg3 g5 23. hxg5 hxg5 24. Qxg4 Qg2# 0-1

[Event "Roncana op-C 5th"]
[Site "Santa Eulalia de Roncana"]
[Date "2011.10.22"]
[Round "4"]
[White "Perez Ruz, Pol"]
[Black "Rius Riu, Gerard"]
[Result "0-1"]
[WhiteElo "1759"]
[BlackElo "1711"]
[PlyCount "110"]
[EventDate "2011.10.01"]
[EventType "swiss"]
[EventRounds "8"]
[EventCountry "ESP"]
[SourceTitle "EXT 2013"]
[Source "ChessBase"]
[SourceDate "2012.11.22"]
[SourceVersion "1"]
[SourceVersionDate "2012.11.22"]
[SourceQuality "1"]

1. e4 e5 2. Nf3 Nc6 3. Bc4 h6 4. Nc3 Nf6 5. 0-0 Bc5 6. d3 d6 7. h3 0-0 8. Bd2 Be6 9. Bxe6 fxe6 10. a3 d5 11. exd5 exd5 12. b4 Bd6 13. Qe2 Re8 14. Be3 d4 15. b5 Nb8 16. Nh4 dxe3 17. fxe3 Nbd7 18. Qf3 Qe7 19. Ng6 Qe6 20. Rae1 Bxa3 21. Nf4 exf4 22. exf4 Qf7 23. Rxe8+ Qxe8 24. Qxb7 Qc8 25. Qc6 Bc5+ 26. Kh1 Bb6 27. Qe6+ Kf8 28. Re1 Qe8 29. Qxe8+ Rxe8 30. Rxe8+ Kxe8 31. Na4 Nd5 32. c4 Nxf4 33. g3 Nxd3 34. Nc3 N7e5 35. Nd5 Nxc4 36. Nc3 Nf2+ 37. Kg2 Kd7 38. g4 c6 39. bxc6+ Kxc6 40. Na4 Nd3 41. h4 a5 42. Kf3 Bd4 43. Ke4 Nc5+ 44. Kxd4 Nxa4 45. Kxc4 Nb6+ 46. Kd4 Kb5 47. g5 h5 48. Ke5 Nc4+ 49. Ke6 Ne3 50. g6 Ng2 51. Kf7 Nxh4 52. Kxg7 Nxg6 53. Kxg6 h4 54. Kg5 h3 55. Kg4 h2 0-1

[Event "Roncana op-C 5th"]
[Site "Santa Eulalia de Roncana"]
[Date "2011.10.15"]
[Round "3"]
[White "Torras Coloma, Pau"]
[Black "Perez Ruz, Pol"]
[Result "1-0"]
[WhiteElo "1713"]
[BlackElo "1759"]
[PlyCount "83"]
[EventDate "2011.10.01"]
[EventType "swiss"]
[EventRounds "8"]
[EventCountry "ESP"]
[SourceTitle "EXT 2013"]
[Source "ChessBase"]
[SourceDate "2012.11.22"]
[SourceVersion "1"]
[SourceVersionDate "2012.11.22"]
[SourceQuality "1"]

1. d4 d5 2. c4 Nf6 3. Nc3 Bf5 4. e3 Nc6 5. Nf3 e6 6. a3 Bd6 7. Be2 0-0 8. 0-0 Ng4 9. h3 Nf6 10. c5 Be7 11. b4 a6 12. Bb2 b6 13. b5 axb5 14. Bxb5 Na5 15. cxb6 cxb6 16. Ne5 Nh5 17. Nd7 Re8 18. Qxh5 g6 19. Qe2 Nb3 20. Ra2 Ra5 21. Ne5 Rf8 22. Ba4 Nxd4 23. exd4 Bh4 24. Nc6 Rxa4 25. Nxd8 Rxd8 26. Nxa4 Ra8 27. Nxb6 Rf8 28. a4 Be4 29. f3 Bf5 30. g4 Bxg4 31. fxg4 f6 32. a5 f5 33. a6 h6 34. a7 h5 35. Qa6 hxg4 36. hxg4 fxg4 37. Rxf8+ Kg7 38. a8Q Kh6 39. Rh8+ Kg5 40. Bc1+ Kf5 41. Qe2 Kf6 42. Qf8# 1-0